Democracia y sindicatos / (Record no. 13811)

MARC details
000 -CABECERA
campo de control de longitud fija 00494nam a2200181 a 4500
005 - FECHA Y HORA DE LA ÚLTIMA TRANSACCIÓN
campo de control 20240913063822.0
008 - ELEMENTOS DE LONGITUD FIJA--INFORMACIÓN GENERAL
campo de control de longitud fija 991125s1989 mx 000 0 spa u
020 ## - NÚMERO INTERNACIONAL NORMALIZADO PARA LIBROS
Número Internacional Estándar del Libro 9686125329
035 ## - NÚMERO DE CONTROL DEL SISTEMA
Número de control de sistema UPN01000013811
049 ## - COLECCIÓN
Colección CG
050 #4 - SIGNATURA TOPOGRÁFICA DE LA BIBLIOTECA DEL CONGRESO
Número de clasificación HD6532
Número de documento/Ítem D45
245 00 - MENCIÓN DE TÍTULO
Título Democracia y sindicatos /
Mención de responsabilidad, etc. coord. Victoria Novelo.
260 ## - PUBLICACIÓN, DISTRIBUCIÓN, ETC.
Lugar de publicación, distribución, etc. México :
Nombre del editor, distribuidor, etc. CIESAS :
-- El Caballito,
Fecha de publicación, distribución, etc. 1989.
300 ## - DESCRIPCIÓN FÍSICA
Extensión 216 p.
650 #4 - ASIENTO SECUNDARIO DE MATERIA - TERMINO TEMATICO
Término de materia o nombre geográfico como elemento de entrada Democracia
9 (RLIN) 6020
700 1# - ASIENTO SECUNDARIO--NOMBRE DE PERSONAL
Nombre de persona Novelo, Victoria,
Término indicativo de función/relación coord.
9 (RLIN) 29573
905 ## - TIPO DE MATERIAL
Tipo de material Libro
Holdings
Estado de retiro Estado de pérdida Fuente del sistema de clasificación o colocación Estado dañado No para préstamo Código de colección Localización permanente Ubicación/localización actual Ubicación en estantería Total de préstamos Clasificación Código de barras Fecha visto por última vez Número de copia Tipo de ítem Koha
    Library of Congress Classification     Colección General Bib. Gregorio Torres Quintero Bib. Gregorio Torres Quintero Planta baja 18 HD6532 D45 132060 31/12/2020 1 Libro